Formula one drivers line-up 1984 - Statistics

General Stats
  • This quiz has been taken 179 times
  • The average score is 26 of 38
Answer Stats
Constructor Rounds Driver Nationality % Correct
Brabham All Nelson Piquet Brazil
89%
McLaren All Niki Lauda Austria
82%
McLaren All Alain Prost France
78%
Toleman 1-13, 15-16 Ayrton Senna Brazil
77%
Brabham 16 Manfred Winkelhock Germany
77%
ATS 1-14 Manfred Winkelhock Germany
77%
Brabham 1-5, 8, 10-15 Teo Fabi Italy
77%
Brabham 1-7, 9 Corrado Fabi Italy
76%
Lotus All Nigel Mansell UK
76%
Tyrrell 10-13 Stefan Johansson Sweden
76%
Toleman 14-16 Stefan Johansson Sweden
76%
Lotus All Elio de Angelis Italy
74%
Williams All Keke Rosberg Finland
73%
Tyrrell 1-9 Martin Brundle UK
73%
Ferrari All René Arnoux France
73%
ATS 12, 14-16 Gerhard Berger Austria
72%
Williams All Jacques Laffite France
72%
Ligier All Andrea de Cesaris Italy
70%
Ferrari All Michele Alboreto Italy
70%
Arrows All Thierry Boutsen Belgium
70%
Alfa Romeo All Riccardo Patrese Italy
68%
Alfa Romeo All Eddie Cheever USA
66%
Renault All Partick Tambay France
66%
Tyrrell 1-10, 12-13 Stefan Bellof Germany
66%
Renault All Derek Warwick UK
65%
Spirit 7-14 Huub Rothengatter Netherlands
64%
Toleman 1-10 Johnny Cecotto Venezuela
64%
RAM 1-6, 8-16 Jonathan Palmer UK
64%
Arrows All Marc Surer Switzerland
64%
Tyrrell 11 Mike Thackwell New Zealand
62%
RAM 7 Mike Thackwell New Zealand
62%
RAM All Philippe Alliot France
62%
Renault 16 Philippe Streiff France
62%
Toleman 14 Pierluigi Martini Italy
62%
Osella All Piercarlo Ghinzani Italy
61%
Spirit 1-6, 15-16 Mauro Baldi Italy
59%
Ligier All François Hesnault France
58%
Osella 4, 10-16 Jo Gartner Austria
58%
No matching quizzes found
Score Distribution
Percent of People with Each Score
Percentile by Number Answered
Your Score History
You have not taken this quiz